000 00500nam a2200181Ia 4500
001 13947
005 20260306164838.0
008 260306t2017||||xx |||||||||||||| ||spa||
041 _aESP
082 _a005.74
_bCH543
100 _aChen, Bor-Sen
_eAUT
245 0 _aBig mechanisms in systems biology:
_bBig Data Mining, Network Modeling, and Genome-wide Data Identification
260 _c2017
300 _a870 páginas :
_c24 cm.
650 _aGEN
654 _aCCC
942 _cLIB
_dJUS
_fJUS
_2ddc
_n
999 _c13947
_d13947